| 000 | 00634nam a2200229Ia 4500 | ||
|---|---|---|---|
| 003 | OSt | ||
| 005 | 20220923213804.0 | ||
| 006 | a|||||r|||| 00| 0 | ||
| 007 | ta | ||
| 008 | 220922b |||||||| |||| 00| 0 hin d | ||
| 024 | _a164,539 | ||
| 037 | _cTextual | ||
| 040 |
_aARTS _cARTS _bhin |
||
| 041 |
_2hin _ahin |
||
| 082 | _aO152:1N25x, J9 | ||
| 100 |
_aभारती, धर्मवीर _9156279 |
||
| 245 | 0 | _aसात गीत वर्ष | |
| 246 | _aSāt gīt varṣha | ||
| 260 | _c1959 | ||
| 942 |
_hO152:1N25x, J9 _cTEXL _2CC |
||
| 999 |
_c319019 _d319019 |
||